El río /

Los días de Horacio transcurren en el Delta del Paraná. Poco antes de morir, su madre le pide un último favor: ser enterrada en su pueblo natal. Para cumplir su palabra, Horacio remonta el río abierto por primera vez. Un viaje fluvial que parecerá no terminar nunca, ni tener sentido, cuando la natur...

Descripción completa

Guardado en:
Autor Principal: Mundani, Débora.
Formato: Libro
Idioma:Undetermined
Publicado: Buenos Aires : Corregidor, 2023.
Edición:2a ed.
Series:Identidades bonaerenses
Narrativas al sur del Río Bravo ; 1
Materias:
Etiquetas: Agregar Etiqueta
Sin Etiquetas, Sea el primero en etiquetar este registro!
LEADER 01646nam a22002655a 4500
001 CEM.cems024831
008 250804s2023####ag############000#0#und#d
005 20250804190029.0
245 1 0 |a El río /  |c Débora Mundani. 
250 |a 2a ed. 
260 |a Buenos Aires :  |b Corregidor,  |c 2023. 
300 |a 126 p. 
490 1 |a Identidades bonaerenses 
490 1 |a Narrativas al sur del Río Bravo ;  |v 1 
500 |a Edición especial de la Dirección de Cultura y Educación de la Provincia de Buenos Aires. 
500 |a Edad sugerida: a partir de ciclo orientado. Requiere acompañamiento docente. 
520 |a Los días de Horacio transcurren en el Delta del Paraná. Poco antes de morir, su madre le pide un último favor: ser enterrada en su pueblo natal. Para cumplir su palabra, Horacio remonta el río abierto por primera vez. Un viaje fluvial que parecerá no terminar nunca, ni tener sentido, cuando la naturaleza se le imponga con violencia. En medio de las aguas y con la tormenta arreciando, Horacio encuentra un hombre anciano, que le cuenta su vida y su verdad. En los remolinos del río, se va a ir develando su propia identidad, quién es ese hombre. Esta novela fue primera mención del Premio Literario Casa de las Américas (Cuba) en 2015. 
020 |a 9789500537957 
100 1 |a Mundani, Débora. 
653 |a Literatura argentina 
653 |a Novela argentina 
653 |a Identidades bonaerenses 
859 |a CEMS  |b BIB. CEMS - Ccias. Educacion  |h A863.4  |i M965  |k CE  |p 30352.25  |t Ej.1 
859 |a CEMS  |b BIB. CEMS - 11 de abril  |h A863.4  |i M965  |p 30350.25  |t Ej.1 
859 |a CEMS  |b BIB. CEMS - 11 de abril  |h A863.4  |i M965  |p 30351.25  |t Ej.2